Statistics for Highest Ranking Universities in Canada

Click here to take the quiz!

General Stats

  • This quiz has been taken 357 times
    (16 since last reset)
  • The average score is 12 of 20

Answer Stats

RankAnswer% Correct
3McGill University
100%
2University of British Columbia
100%
1University of Toronto
100%
6Université de Montréal
86%
=9University of Calgary
79%
5University of Alberta
71%
=9Western University
71%
=11Queens University
64%
14Dalhousie University
57%
=15University of Saskatchewan
57%
7University of Waterloo
57%
=19Concordia University
50%
=11Simon Fraser Univeristy
50%
=15University of Manitoba
50%
8University of Ottawa
50%
=15University of Victoria
50%
=15York University
50%
=11Laval University
36%
4McMaster University
36%
=19Carleton University
21%

Score Distribution

Percentile by Number Answered

Percent of People with Each Score

Your Score History

You have not taken this quiz since the last reset